000 00289nam a22001337a 4500
008 180221b xxu||||| |||| 00| 0 eng d
020 _a638705001
041 _aeng
080 _a321
100 _a20
101 _aSHP
245 _aEmissions Trading
_cTietenberg, T.H
942 _2udc
_cBK
999 _c42977
_d42977